000
00261nam a22001097a 4500
008
170118b xxu||||| |||| 00| 0 eng d
020
_a
9780781765879
041
_a
eng
080
_2
3RD
_a
618.2
245
_a
DRUG THERPAY IN NURSING
_c
VENABLE, S.J
942
_2
udc
_c
BK
999
_c
3131
_d
3131